000 01335nam a22003737a 4500
003 CHAP
005 20220329133917.0
008 971013s1987 r 00010 d
010 _a12599
011 _a13571
035 _a17643
040 _cCHAP
090 _aTesis
100 0 0 _aGispert Galván, María del Carmen.
_948212
245 _aInfluencia del riego en la fluctuación poblacional del acaro de tomate (Aculops lycopersici (Massee))
260 _aChapingo, Méx. :
_bEl autor,
_c1987
300 _a68 h.
_b: ilus. ; gráfs.
502 _aTesis (M.C. Esp. en Entomología) -- CP. Centro de Entomología y Acarología
590 _aALEPH
_b10
_c20130110
_lUCH01
_h1231
590 _aBATCH-UPD
_b10
_c20130109
_lUCH01
_h2337
590 _aBATCH-UPD
_b10
_c20130110
_lUCH01
_h1614
590 _aBATCH-UPD
_b10
_c20130409
_lUCH01
_h1905
590 _aBATCH-UPD
_b10
_c20130410
_lUCH01
_h1009
590 _aBATCH-UPD
_b10
_c20130913
_lUCH01
_h1923
590 _aCONVERSION
_b10
_c20130109
_lUCH01
_h1308
650 1 4 _aAculops lycopersici.
_9797
650 1 4 _aSuelos
_xHumedad
_xEfecto en plantas.
_9110393
650 1 4 _aTomate
_xIrrigación.
_9113733
650 1 4 _aTomate
_xPlagas.
_9113748
901 _aBK
942 _cFOLL
949 _bBC
_cTES
_d-41482
_eTS1
_h19240
_i17643
_si
949 _bBC
_cTES
_d-41485
_eTS2
_fc.2
_h19241
_i17643
_si
999 _c12599
_d12599